| 000 | 00870nam a22001935i 4500 | ||
|---|---|---|---|
| 001 | 158429 | ||
| 003 | ES-MaACL | ||
| 005 | 20230906211138.0 | ||
| 008 | 020128s1876 sp |||| | spa d | ||
| 040 |
_aCAM _bspa _cCAM |
||
| 100 | 1 |
_aMadán y García, Augusto E. _9129328 |
|
| 245 | 1 | 0 |
_aRosa _b: zarzuela en tres actos y en verso, acomodada á la música de J. Offenbach / _cpor A. Mádan y García. |
| 260 |
_aMadrid : _b[s.n.], _c1876 ( _fImprenta de José Rodríguez) |
||
| 300 |
_a90 p. ; _c19 cm. |
||
| 500 | _aSolo el texto. | ||
| 596 | 1 | _aAl v. de port. consta : "... Administracion Lírico-Dramática de Don Eduardo Hidalgo..." | |
| 700 | 0 |
_aOffenbach, Jacques. _986559 |
|
| 852 |
_aES-MaACL _jF-8555(14) _z-- Enc. pasta española _q-- Falto de la cub. original _z-- Enc. en un vol. facticio formando parte de la col. facticia "Teatro español moderno", v.7 |
||
| 999 |
_c158429 _d158429 |
||